Coming up roses / (Record no. 10047)
[ view plain ]
| 000 -LEADER | |
|---|---|
| fixed length control field | 00901nam a22002417a 4500 |
| 001 - CONTROL NUMBER | |
| control field | 10047 |
| 003 - CONTROL NUMBER IDENTIFIER | |
| control field | FISKH |
| 005 - DATE AND TIME OF LATEST TRANSACTION | |
| control field | 20260401145218.0 |
| 008 - FIXED-LENGTH DATA ELEMENTS--GENERAL INFORMATION | |
| fixed length control field | 260401b cb ||||| |||| 00| 0 eng d |
| 020 ## - INTERNATIONAL STANDARD BOOK NUMBER | |
| International Standard Book Number | 9780552994217 |
| 040 ## - CATALOGING SOURCE | |
| Original cataloging agency | FISKH |
| Language of cataloging | eng |
| Transcribing agency | FISKH |
| Modifying agency | FISKH |
| 050 ## - LIBRARY OF CONGRESS CALL NUMBER | |
| Classification number | PR6053 .A72 .C65 |
| 082 ## - DEWEY DECIMAL CLASSIFICATION NUMBER | |
| Classification number | 823.914 |
| 100 ## - MAIN ENTRY--PERSONAL NAME | |
| Personal name | Carson, Michael |
| 245 ## - TITLE STATEMENT | |
| Title | Coming up roses / |
| Statement of responsibility, etc. | Michael Carson |
| 250 ## - EDITION STATEMENT | |
| Edition statement | This edition published in 1991 |
| 260 ## - PUBLICATION, DISTRIBUTION, ETC. | |
| Place of publication, distribution, etc. | Great Britian : |
| Name of publisher, distributor, etc. | Black Swan, |
| Date of publication, distribution, etc. | 1990 |
| 300 ## - PHYSICAL DESCRIPTION | |
| Extent | 254 pages ; |
| Dimensions | 20 cm |
| 520 ## - SUMMARY, ETC. | |
| Summary, etc. | A story set in the fictional country of Ras Al Surra, which is a satire on Arab politics and British bureaucracy. Sultan Nabil, ex-hippy and now bohemian ruler of Zibda, wants to keep the peace but all King Fadl of Ras Al Surra wants is a piece of Nabil's Zibda |
| 650 ## - SUBJECT ADDED ENTRY--TOPICAL TERM | |
| Topical term or geographic name entry element | Adult Book |
| Form subdivision | Fiction |
| General subdivision | Homosexuality |
| 942 ## - ADDED ENTRY ELEMENTS (KOHA) | |
| Source of classification or shelving scheme | Dewey Decimal Classification |
| Koha item type | Books |
| Suppress in OPAC | No |
| Withdrawn status | Lost status | Source of classification or shelving scheme | Damaged status | Not for loan | Collection | Home library | Current library | Shelving location | Date acquired | Total Checkouts | Full call number | Barcode | Date last seen | Copy number | Price effective from | Koha item type |
|---|---|---|---|---|---|---|---|---|---|---|---|---|---|---|---|---|
| Dewey Decimal Classification | Fiction | Footprints International School Library Network Toul Tom Poung Campus | Footprints International School Library Network Toul Tom Poung Campus | TTP Secondary Fiction Bookshelves | 04/01/2026 | 823.914 PR6053 .A72 .C65 | FISSE04354 | 04/01/2026 | 1 | 04/01/2026 | Books |
